[Event "39th POL-ch"]
[Site "Zielona Gora POL"]
[Date "1982.02.??"]
[Round "6"]
[White "Bielczyk, Jacek"]
[Black "Sygulski, Artur"]
[Result "1/2-1/2"]
[WhiteElo "2390"]
[BlackElo "2300"]
[EventDate "1982.02.13"]
[PlyCount "113"]

1.e4 e5 2.Nf3 Nf6 3.d4 Nxe4 4.Bd3 d5 5.Nxe5 Nc6 6.Nxc6 bxc6 7.Qe2 Qe7 8.
O-O Nd6 9.Qf3 Rb8 10.c4 dxc4 11.Bc2 Rb6 12.Nc3 Nb5 13.Be3 Nxc3 14.bxc3 Be6
15.Rfe1 Qd7 16.Qg3 g6 17.Qe5 Rg8 18.Qa5 Qd5 19.Qxa7 Kd7 20.Bf4 Bd6 21.Be4 
Qh5 22.Bxd6 Kxd6 23.Bf3 Qb5 24.Qa3+ Kd7 25.Qc1 Qb2 26.Qe3 Qa3 27.h3 h5 28.
Be4 Qd6 29.Re2 g5 30.Rae1 Rb5 31.Qf3 g4 32.hxg4 Rxg4 33.d5 cxd5 34.Bf5 d4 
35.Bxe6+ fxe6 36.Rxe6 Qd5 37.Re7+ Kc8 38.Qf8+ Kb7 39.f3 Rg8 40.Qf4 Rc5 41.
cxd4 Rc6 42.Rb1+ Ka6 43.Re5 Qd6 44.Rbb5 Rb6 45.a4 Rxb5 46.axb5+ Ka7 47.Qe4
Rd8 48.Rxh5 Qxd4+ 49.Qxd4+ Rxd4 50.Rh6 c5 51.bxc6 c3 52.c7 Rc4 53.Rh4 Rxc7
54.Ra4+ Kb6 55.Ra1 Kc5 56.Kf2 Kd4 57.Rd1+ 1/2-1/2

[Event "39th POL-ch"]
[Site "Zielona Gora POL"]
[Date "1982.02.??"]
[Round "6"]
[White "Bugajski, Robert"]
[Black "Maciejewski, Andrzej"]
[Result "1/2-1/2"]
[WhiteElo "2315"]
[BlackElo "2370"]
[EventDate "1982.02.13"]
[PlyCount "83"]

1.c4 Nf6 2.Nc3 g6 3.d4 Bg7 4.g3 O-O 5.Bg2 c6 6.d5 d6 7.Nf3 a6 8.O-O Nbd7 
9.Be3 c5 10.Qd2 b5 11.cxb5 axb5 12.Bh6 b4 13.Nd1 Nb6 14.Bxg7 Kxg7 15.Nh4 
Qd7 16.e4 Nc4 17.Qg5 h6 18.Qc1 Ba6 19.b3 Na3 20.Ne3 Kh7 21.Re1 Nb5 22.Nc4 
Qc7 23.e5 dxe5 24.Nxe5 Nd4 25.Qb1 Rg8 26.Qb2 Rgf8 27.Rac1 Qd6 28.Nc6 Nxd5 
29.Nxd4 cxd4 30.Qxd4 Bb7 31.Red1 e6 32.Rd2 Rfd8 33.Nf3 Qe7 34.Ne5 Nc3 35.
Nd7 Nd5 36.Ne5 Nf6 37.Qb2 Bxg2 38.Rxd8 Rxd8 39.Kxg2 Ra8 40.Kg1 Nd5 41.h4 
h5 42.Nf3 1/2-1/2

[Event "39th POL-ch"]
[Site "Zielona Gora POL"]
[Date "1982.02.??"]
[Round "6"]
[White "Pokojowczyk, Jerzy"]
[Black "Zoltek, Tadeusz"]
[Result "0-1"]
[WhiteElo "2450"]
[BlackElo "2300"]
[EventDate "1982.02.13"]
[PlyCount "81"]

1.e4 Nf6 2.e5 Nd5 3.d4 d6 4.Nf3 g6 5.Bc4 Nb6 6.Bb3 Bg7 7.Ng5 d5 8.O-O h6 
9.Nf3 Nc6 10.c3 Bf5 11.Nh4 Bxb1 12.Rxb1 e6 13.g3 Ne7 14.a4 Nd7 15.Bc2 c5 
16.b4 cxd4 17.cxd4 Nb6 18.a5 Nc4 19.Ba4+ Kf8 20.g4 h5 21.Rb3 hxg4 22.Qxg4 
Nf5 23.Nxf5 gxf5 24.Qg2 Qh4 25.Rg3 Rh7 26.f4 Qe7 27.Bd2 Kg8 28.Be1 Kh8 29.
Kh1 f6 30.Rh3 fxe5 31.fxe5 Rg8 32.Rg1 Qf7 33.Rg3 f4 34.Rh3 Ne3 35.Bc2 Rh6 
36.Rxh6+ Bxh6 37.Qxg8+ Qxg8 38.Rxg8+ Kxg8 39.Bd3 f3 40.Kg1 Nd1 41.b5 0-1

[Event "39th POL-ch"]
[Site "Zielona Gora POL"]
[Date "1982.02.??"]
[Round "6"]
[White "Steczkowski, Kazimierz"]
[Black "Nowak, Ignacy"]
[Result "1/2-1/2"]
[WhiteElo "2275"]
[BlackElo "2360"]
[EventDate "1982.02.13"]
[PlyCount "27"]

1.Nf3 Nf6 2.g3 b6 3.Bg2 Bb7 4.c4 c5 5.O-O e6 6.b3 Be7 7.Bb2 O-O 8.Nc3 d6 
9.e3 Nbd7 10.d4 a6 11.Qe2 Re8 12.Rfd1 Qc7 13.Rac1 Rad8 14.Ne1 1/2-1/2

[Event "39th POL-ch"]
[Site "Zielona Gora POL"]
[Date "1982.02.??"]
[Round "6"]
[White "Swic, Waldemar"]
[Black "Stempin, Pawel"]
[Result "1-0"]
[WhiteElo "2350"]
[BlackElo "2350"]
[EventDate "1982.02.13"]
[PlyCount "93"]

1.e4 c5 2.Nf3 d6 3.d4 cxd4 4.Nxd4 Nf6 5.Nc3 e6 6.g4 a6 7.Bg2 Be7 8.O-O Nc6
9.Nxc6 bxc6 10.e5 Nd5 11.exd6 Bxd6 12.Ne4 Bb8 13.c4 Qc7 14.f4 Ne7 15.b3 
O-O 16.Bb2 Ng6 17.c5 Nxf4 18.Nd6 Nxg2 19.Kxg2 Qe7 20.Qd4 Qg5 21.h4 Qd5+ 
22.Kg3 Qxd4 23.Bxd4 f6 24.g5 e5 25.Bxe5 fxg5 26.Rxf8+ Kxf8 27.Rf1+ Kg8 28.
Rf7 gxh4+ 29.Kxh4 Be6 30.Re7 Bxd6 31.cxd6 Bf5 32.d7 Bxd7 33.Rxg7+ Kf8 34.
Rxd7 Re8 35.Bd6+ Kg8 36.Be7 Kf7 37.Bg5+ Ke6 38.Ra7 Kd5 39.Rxa6 c5 40.Ra4 
Re2 41.Ra5 Kc6 42.Kg4 Re8 43.Kf3 Kb6 44.Ra4 Rc8 45.Be3 h5 46.Rc4 Rc6 47.
Rxc5 1-0

[Event "39th POL-ch"]
[Site "Zielona Gora POL"]
[Date "1982.02.??"]
[Round "7"]
[White "Dobrzynski, Wojciech"]
[Black "Panczyk, Krzysztof"]
[Result "1/2-1/2"]
[WhiteElo "2310"]
[BlackElo "2300"]
[EventDate "1982.02.13"]
[PlyCount "41"]

1.c4 e6 2.Nf3 Nf6 3.g3 d5 4.Bg2 dxc4 5.Qa4+ Nbd7 6.Qxc4 c5 7.O-O b6 8.d4 
Bb7 9.Nc3 a6 10.a4 Rc8 11.Rd1 cxd4 12.Qxd4 Bc5 13.Qh4 O-O 14.Ne5 Bxg2 15.
Kxg2 Qc7 16.Nxd7 Nxd7 17.Bf4 Qb7+ 18.Kg1 Nf6 19.Be5 Be7 20.Bd6 Rfd8 21.
Bxe7 1/2-1/2

[Event "39th POL-ch"]
[Site "Zielona Gora POL"]
[Date "1982.02.??"]
[Round "7"]
[White "Jasnikowski, Zbigniew"]
[Black "Ksieski, Zbigniew"]
[Result "1/2-1/2"]
[WhiteElo "2395"]
[BlackElo "2375"]
[EventDate "1982.02.13"]
[PlyCount "39"]

1.e4 c5 2.Nf3 Nc6 3.c3 d5 4.exd5 Qxd5 5.d4 e6 6.Be3 cxd4 7.cxd4 Nf6 8.Nc3 
Qd6 9.Bd3 Be7 10.a3 b6 11.Rc1 a6 12.Bg5 Bb7 13.Bxf6 Bxf6 14.Ne4 Qd8 15.
Nxf6+ Qxf6 16.Be4 Rc8 17.Rc3 Qe7 18.Qc2 Na7 19.Rxc8+ Nxc8 20.Bc6+ 1/2-1/2

[Event "39th POL-ch"]
[Site "Zielona Gora POL"]
[Date "1982.02.??"]
[Round "7"]
[White "Maciejewski, Andrzej"]
[Black "Adamski, Jan"]
[Result "1/2-1/2"]
[WhiteElo "2370"]
[BlackElo "2425"]
[EventDate "1982.02.13"]
[PlyCount "71"]

1.e4 c5 2.Nf3 e6 3.c3 d5 4.e5 d4 5.Bb5+ Bd7 6.a4 Ne7 7.O-O Ng6 8.d3 Nc6 9.
Re1 a6 10.Bc4 Be7 11.Nbd2 O-O 12.cxd4 cxd4 13.Nb3 Qc7 14.Qe2 Rab8 15.Nbxd4
Ngxe5 16.Nxc6 Nxf3+ 17.Qxf3 Bxc6 18.Qg4 b5 19.axb5 axb5 20.Bb3 Ra8 21.Bd2 
Rxa1 22.Rxa1 Rd8 23.Bc3 Bf8 24.Rd1 Bd5 25.Bxd5 Rxd5 26.Qe4 Qd6 27.b4 Qc7 
28.Qe1 h5 29.Qd2 Qd6 30.h3 g6 31.Qc2 Qd7 32.Ba1 Bg7 33.Bxg7 Kxg7 34.Qc3+ 
Kg8 35.Ra1 e5 36.Ra8+ 1/2-1/2

[Event "39th POL-ch"]
[Site "Zielona Gora POL"]
[Date "1982.02.??"]
[Round "7"]
[White "Nowak, Ignacy"]
[Black "Bielczyk, Jacek"]
[Result "1-0"]
[WhiteElo "2360"]
[BlackElo "2390"]
[EventDate "1982.02.13"]
[PlyCount "119"]

1.Nf3 Nf6 2.d4 c5 3.g3 cxd4 4.Nxd4 a6 5.Bg2 e6 6.c4 Qc7 7.Nd2 Nc6 8.Nxc6 
bxc6 9.O-O Be7 10.Qc2 d6 11.Nb1 O-O 12.Nc3 e5 13.Bd2 Bg4 14.Rac1 Rac8 15.
Qa4 Qb7 16.Rfd1 h6 17.Rb1 Be6 18.e4 Rfd8 19.Re1 Rb8 20.Nd1 Qc8 21.Bc3 Nd7 
22.Ba5 Re8 23.Ne3 Bd8 24.Red1 Nc5 25.Qa3 Be7 26.Bc3 Nxe4 27.Bxe4 d5 28.Qa5
dxe4 29.Qxe5 Bf6 30.Qxe4 Bxc3 31.bxc3 Rxb1 32.Qxb1 Rd8 33.Rd4 c5 34.Rd1 
Rxd1+ 35.Qxd1 Qb8 36.h4 Qe5 37.Qd8+ Kh7 38.Qd3+ g6 39.Kh2 h5 40.Kg1 Kg7 
41.Kh2 a5 42.Qc2 Bd7 43.Qd2 Be6 44.a3 Qc7 45.Qb2 Qe5 46.Qb6 Qf6 47.Kg1 Qe5
48.Qxa5 Bxc4 49.Nxc4 Qe1+ 50.Kg2 Qe4+ 51.Kh2 Qxc4 52.a4 g5 53.hxg5 h4 54.
Qc7 Qxc3 55.gxh4 Qd4 56.Kg3 c4 57.a5 c3 58.a6 Qd3+ 59.f3 Qe3 60.Qc6 1-0

[Event "39th POL-ch"]
[Site "Zielona Gora POL"]
[Date "1982.02.??"]
[Round "7"]
[White "Stempin, Pawel"]
[Black "Steczkowski, Kazimierz"]
[Result "1/2-1/2"]
[WhiteElo "2350"]
[BlackElo "2275"]
[EventDate "1982.02.13"]
[PlyCount "81"]

1.d4 Nf6 2.c4 g6 3.Nc3 Bg7 4.e4 d6 5.f3 O-O 6.Bg5 c5 7.d5 e6 8.Nge2 h6 9.
Be3 exd5 10.cxd5 Nbd7 11.Qd2 Ne5 12.Ng3 h5 13.Be2 Re8 14.O-O a6 15.a4 Qa5 
16.h3 Qb4 17.a5 Bd7 18.f4 Nc4 19.Bxc4 Qxc4 20.e5 dxe5 21.fxe5 Rxe5 22.Rf4 
Bh6 23.Rxc4 Bxe3+ 24.Qxe3 Rxe3 25.Nf1 Rd3 26.Rxc5 Rc8 27.Rxc8+ Bxc8 28.Re1
Kf8 29.Ne3 Rd4 30.Kf2 Bd7 31.Rd1 Rxd1 32.Nexd1 Bb5 33.h4 Bc4 34.Ne3 Bd3 
35.Kf3 Ke7 36.Kf4 Kd6 37.b4 Bb5 38.Ne4+ Nxe4 39.Kxe4 f6 40.Kd4 Be2 41.g3 
1/2-1/2

[Event "39th POL-ch"]
[Site "Zielona Gora POL"]
[Date "1982.02.??"]
[Round "7"]
[White "Szymczak, Zbigniew"]
[Black "Swic, Waldemar"]
[Result "1/2-1/2"]
[WhiteElo "2395"]
[BlackElo "2350"]
[EventDate "1982.02.13"]
[PlyCount "41"]

1.d4 Nf6 2.c4 e6 3.Nf3 b6 4.g3 Ba6 5.b3 Bb4+ 6.Bd2 Be7 7.Bg2 c6 8.O-O O-O 
9.Bf4 d5 10.Nc3 Nbd7 11.Qd3 c5 12.a4 cxd4 13.Nxd4 Rc8 14.Ndb5 e5 15.Bg5 d4
16.Bxf6 Nxf6 17.Nd5 Nxd5 18.Bxd5 Bxb5 19.axb5 Rc7 20.Ra4 Bd6 21.Rfa1 
1/2-1/2

[Event "39th POL-ch"]
[Site "Zielona Gora POL"]
[Date "1982.02.??"]
[Round "8"]
[White "Adamski, Jan"]
[Black "Zoltek, Tadeusz"]
[Result "1-0"]
[WhiteElo "2425"]
[BlackElo "2300"]
[EventDate "1982.02.13"]
[PlyCount "59"]

1.Nf3 e6 2.g3 b6 3.d4 Bb7 4.Bg2 f5 5.O-O Nf6 6.c4 Be7 7.d5 Qc8 8.Nc3 O-O 
9.e4 fxe4 10.Ng5 exd5 11.cxd5 Na6 12.Ncxe4 Nc5 13.Nxf6+ Bxf6 14.Qc2 g6 15.
Bf4 a5 16.Rfe1 d6 17.Bh3 Qb8 18.Rad1 Bc8 19.Ne6 Re8 20.Re3 Re7 21.Rde1 Qa7
22.Bg5 Bxg5 23.Nxg5 Rxe3 24.Rxe3 Bxh3 25.Nxh3 Qb7 26.Nf4 c6 27.dxc6 Qxc6 
28.Nxg6 hxg6 29.Qxg6+ Kf8 30.Qf6+ 1-0

[Event "39th POL-ch"]
[Site "Zielona Gora POL"]
[Date "1982.02.??"]
[Round "8"]
[White "Bielczyk, Jacek"]
[Black "Stempin, Pawel"]
[Result "1-0"]
[WhiteElo "2390"]
[BlackElo "2350"]
[EventDate "1982.02.13"]
[PlyCount "73"]

1.e4 e5 2.Nf3 Nf6 3.d4 Nxe4 4.Bd3 d5 5.Nxe5 Bd6 6.O-O O-O 7.Re1 Bxe5 8.
dxe5 Nc5 9.Bf1 Nc6 10.c3 Bf5 11.Nd2 Re8 12.Nb3 Nxb3 13.Qxb3 Re6 14.Bf4 Ne7
15.Bg5 b6 16.Rad1 c6 17.c4 d4 18.Qf3 Qd7 19.Be3 Rxe5 20.Bxd4 Rxe1 21.Rxe1 
Bg6 22.Bc3 Nf5 23.Rd1 Qe6 24.Qf4 Rc8 25.Qc7 h5 26.Qxa7 Nd6 27.Qxb6 Ne4 28.
Re1 c5 29.Qxe6 fxe6 30.Bd3 Nxc3 31.Bxg6 Nxa2 32.Rxe6 Kf8 33.Bxh5 Nc1 34.
Bg6 Nb3 35.Be4 Rb8 36.g3 Nd4 37.Re5 1-0

[Event "39th POL-ch"]
[Site "Zielona Gora POL"]
[Date "1982.02.??"]
[Round "8"]
[White "Ksieski, Zbigniew"]
[Black "Dobrzynski, Wojciech"]
[Result "1/2-1/2"]
[WhiteElo "2375"]
[BlackElo "2310"]
[EventDate "1982.02.13"]
[PlyCount "51"]

1.d4 Nf6 2.c4 g6 3.Nc3 Bg7 4.e4 d6 5.Nf3 O-O 6.Be2 Nc6 7.d5 Nb8 8.O-O Na6 
9.Nd4 Nc5 10.f3 a5 11.Bg5 Bd7 12.Qd2 c6 13.Rad1 Re8 14.Kh1 Qb6 15.Rfe1 
Rad8 16.Bf1 Bc8 17.Qc2 e5 18.dxe6 Bxe6 19.Be3 Bf8 20.Qf2 Nfd7 21.h3 Qa6 
22.Nxe6 Rxe6 23.Bd4 Rde8 24.Qc2 Qa8 25.Ne2 Qb8 26.Qd2 1/2-1/2

[Event "39th POL-ch"]
[Site "Zielona Gora POL"]
[Date "1982.02.??"]
[Round "8"]
[White "Panczyk, Krzysztof"]
[Black "Maciejewski, Andrzej"]
[Result "1/2-1/2"]
[WhiteElo "2300"]
[BlackElo "2370"]
[EventDate "1982.02.13"]
[PlyCount "86"]

1.d4 Nf6 2.c4 g6 3.Nc3 Bg7 4.e4 O-O 5.Be2 c5 6.Nf3 Na6 7.d5 d6 8.O-O Nc7 
9.h3 a6 10.a4 e5 11.dxe6 Nxe6 12.Be3 Bd7 13.Qxd6 Bc6 14.Qxd8 Raxd8 15.Nd2 
Nd7 16.f3 f5 17.Rab1 f4 18.Bf2 Nb6 19.Nb3 Bxc3 20.bxc3 Nxa4 21.Rfc1 b6 22.
Be1 Rd7 23.Rc2 Ra8 24.Ra1 Rdd8 25.Rca2 b5 26.cxb5 axb5 27.c4 b4 28.Bf2 Nc3
29.Rxa8 Nxe2+ 30.Kf1 Ng3+ 31.Bxg3 Rxa8 32.Rxa8+ Bxa8 33.Bf2 Bc6 34.Ke2 Kf7
35.Kd3 g5 36.Nxc5 Nxc5+ 37.Bxc5 b3 38.Ba3 h5 39.Kc3 Ke6 40.Kxb3 g4 41.hxg4
hxg4 42.Bc5 gxf3 43.gxf3 Be8 1/2-1/2

[Event "39th POL-ch"]
[Site "Zielona Gora POL"]
[Date "1982.02.??"]
[Round "8"]
[White "Pokojowczyk, Jerzy"]
[Black "Bugajski, Robert"]
[Result "1-0"]
[WhiteElo "2450"]
[BlackElo "2315"]
[EventDate "1982.02.13"]
[PlyCount "73"]

1.e4 c5 2.Nf3 d6 3.d4 cxd4 4.Nxd4 Nf6 5.Nc3 g6 6.Bc4 Bg7 7.Be3 O-O 8.f3 
Nc6 9.Qd2 Bd7 10.h4 Rc8 11.Bb3 h5 12.O-O-O Ne5 13.Bg5 Rc5 14.g4 hxg4 15.f4
Nc4 16.Qd3 b5 17.h5 Nxh5 18.f5 a5 19.a4 Ne5 20.Qe3 bxa4 21.Nd5 Re8 22.Ba2 
Nc4 23.Qe2 Bb5 24.Qxg4 Ne5 25.Qg2 Nd3+ 26.Rxd3 Bxd3 27.fxg6 Bxd4 28.gxf7+ 
Kxf7 29.Qf3+ Kg7 30.Qxd3 Bxb2+ 31.Kxb2 Qb8+ 32.Ka1 Rec8 33.Nxe7 Rxg5 34.
Nf5+ Kg6 35.Qd5 Qc7 36.Qe6+ Kh7 37.Qh6# 1-0

[Event "39th POL-ch"]
[Site "Zielona Gora POL"]
[Date "1982.02.??"]
[Round "8"]
[White "Steczkowski, Kazimierz"]
[Black "Szymczak, Zbigniew"]
[Result "1/2-1/2"]
[WhiteElo "2275"]
[BlackElo "2395"]
[EventDate "1982.02.13"]
[PlyCount "26"]

1.Nf3 Nf6 2.c4 c5 3.g3 g6 4.Bg2 Nc6 5.O-O Bg7 6.Nc3 d5 7.cxd5 Nxd5 8.Qa4 
Nb6 9.Qd1 O-O 10.d3 c4 11.dxc4 Qxd1 12.Rxd1 Nxc4 13.Nd2 Nxd2 1/2-1/2

[Event "39th POL-ch"]
[Site "Zielona Gora POL"]
[Date "1982.02.??"]
[Round "8"]
[White "Swic, Waldemar"]
[Black "Jasnikowski, Zbigniew"]
[Result "0-1"]
[WhiteElo "2350"]
[BlackElo "2395"]
[EventDate "1982.02.13"]
[PlyCount "53"]

1.e4 c6 2.d4 d5 3.e5 Bf5 4.Ne2 e6 5.Ng3 Bg6 6.h4 h5 7.Be2 c5 8.c3 Nc6 9.
Be3 Qb6 10.O-O Qxb2 11.Nd2 c4 12.Bxh5 Bxh5 13.Nxh5 Qxc3 14.Rb1 g6 15.Nf4 
O-O-O 16.Nf3 Nh6 17.Bd2 Qa3 18.Ne2 Nf5 19.Rb5 Be7 20.Bc3 Nxh4 21.Ne1 Qxa2 
22.Nc2 Rh7 23.g3 Nf5 24.Qd2 Rdh8 25.Kg2 Rh2+ 26.Kf3 Bg5 27.Nf4 0-1

[Event "39th POL-ch"]
[Site "Zielona Gora POL"]
[Date "1982.02.??"]
[Round "8"]
[White "Sygulski, Artur"]
[Black "Nowak, Ignacy"]
[Result "1-0"]
[WhiteElo "2300"]
[BlackElo "2360"]
[EventDate "1982.02.13"]
[PlyCount "57"]

1.c4 e6 2.Nc3 c5 3.d4 cxd4 4.Qxd4 Nc6 5.Qd1 Nf6 6.Nf3 Bc5 7.e3 d5 8.a3 a6 
9.b4 Bd6 10.Bb2 O-O 11.Qc2 Qe7 12.Rd1 Rd8 13.Bd3 dxc4 14.Bxc4 Bd7 15.O-O 
Rac8 16.Ne4 Nxe4 17.Qxe4 Be8 18.h4 h6 19.Bb3 Qc7 20.h5 Qe7 21.Kh1 Bc7 22.
Rc1 Rd6 23.g4 Nd8 24.Rg1 Bc6 25.Rxc6 Rxc6 26.g5 hxg5 27.Nxg5 g6 28.Nxf7 
Nxf7 29.Qxg6+ 1-0

[Event "39th POL-ch"]
[Site "Zielona Gora POL"]
[Date "1982.02.??"]
[Round "9"]
[White "Bugajski, Robert"]
[Black "Adamski, Jan"]
[Result "0-1"]
[WhiteElo "2315"]
[BlackElo "2425"]
[EventDate "1982.02.13"]
[PlyCount "67"]

1.c4 Nf6 2.g3 e6 3.Bg2 d5 4.b3 dxc4 5.bxc4 Qd4 6.Nc3 Qxc4 7.Nf3 Nbd7 8.O-O
c6 9.Bb2 Be7 10.Rc1 Qb4 11.Rb1 Qa5 12.e4 e5 13.d4 exd4 14.Nxd4 Ne5 15.Nf5 
Bxf5 16.exf5 O-O 17.Ba1 Qc7 18.Qe2 Bd6 19.Rfc1 a6 20.f4 Bc5+ 21.Kh1 Neg4 
22.Nd1 Rfe8 23.Qf1 b6 24.Rb3 Ne4 25.Bxe4 Rxe4 26.Qf3 Re1+ 27.Kg2 Rg1+ 28.
Kh3 h5 29.Qc3 Nf6 30.Qc2 Nd5 31.Qe2 Qxf4 32.Qxh5 Qxc1 33.Bxg7 Kxg7 34.Qg4+
0-1

[Event "39th POL-ch"]
[Site "Zielona Gora POL"]
[Date "1982.02.??"]
[Round "9"]
[White "Dobrzynski, Wojciech"]
[Black "Swic, Waldemar"]
[Result "1/2-1/2"]
[WhiteElo "2310"]
[BlackElo "2350"]
[EventDate "1982.02.13"]
[PlyCount "20"]

1.Nf3 Nf6 2.g3 g6 3.b3 Bg7 4.Bb2 d5 5.c4 dxc4 6.bxc4 O-O 7.Bg2 c5 8.O-O 
Nc6 9.d3 Bd7 10.Nc3 Rc8 1/2-1/2

[Event "39th POL-ch"]
[Site "Zielona Gora POL"]
[Date "1982.02.??"]
[Round "9"]
[White "Jasnikowski, Zbigniew"]
[Black "Steczkowski, Kazimierz"]
[Result "1/2-1/2"]
[WhiteElo "2395"]
[BlackElo "2275"]
[EventDate "1982.02.13"]
[PlyCount "36"]

1.d4 Nf6 2.Nc3 d5 3.Bg5 Nbd7 4.Nf3 c6 5.e3 e6 6.Bd3 Be7 7.O-O O-O 8.Ne2 h6
9.Bf4 Nh5 10.Be5 f6 11.Bg3 Nxg3 12.hxg3 f5 13.Nf4 Rf6 14.c4 Bd6 15.Qc2 Nf8
16.c5 Bc7 17.b4 Qe8 18.Qb2 g5 1/2-1/2

[Event "39th POL-ch"]
[Site "Zielona Gora POL"]
[Date "1982.02.??"]
[Round "9"]
[White "Maciejewski, Andrzej"]
[Black "Ksieski, Zbigniew"]
[Result "1-0"]
[WhiteElo "2370"]
[BlackElo "2375"]
[EventDate "1982.02.13"]
[PlyCount "74"]

1.e4 c5 2.Nf3 e6 3.d4 cxd4 4.Nxd4 Nf6 5.Nc3 d6 6.g4 h6 7.h4 Nc6 8.Rg1 Nd7 
9.g5 hxg5 10.hxg5 Nde5 11.Be3 a6 12.f4 Nxd4 13.Bxd4 Nc6 14.Be3 b5 15.Bg2 
Bb7 16.Qg4 Rc8 17.O-O-O Qc7 18.g6 b4 19.gxf7+ Kxf7 20.Nd5 exd5 21.e5 Nd4 
22.Qg6+ Kg8 23.Bxd4 Rh6 24.Qf5 Qf7 25.Bh3 Qxf5 26.Bxf5 Re8 27.Bd7 Re7 28.
e6 Rhxe6 29.Bxe6+ Rxe6 30.f5 Rh6 31.f6 g6 32.Rh1 Kf7 33.c3 bxc3 34.bxc3 
Bc8 35.Kd2 g5 36.Rxh6 Bxh6 37.Rh1 Kg6 1-0

[Event "39th POL-ch"]
[Site "Zielona Gora POL"]
[Date "1982.02.??"]
[Round "9"]
[White "Stempin, Pawel"]
[Black "Sygulski, Artur"]
[Result "1-0"]
[WhiteElo "2350"]
[BlackElo "2300"]
[EventDate "1982.02.13"]
[PlyCount "59"]

1.d4 Nf6 2.c4 d6 3.Nc3 c6 4.Bg5 Nbd7 5.Nf3 e5 6.e3 Be7 7.Be2 O-O 8.Qc2 Ne8
9.h4 h6 10.Bd3 Nc7 11.O-O-O Qe8 12.g4 b5 13.cxb5 Nxb5 14.Nxb5 cxb5 15.Be4 
Rb8 16.Kb1 exd4 17.exd4 Qd8 18.Rdg1 Re8 19.Bxh6 gxh6 20.g5 Kh8 21.g6 Rg8 
22.Ng5 Bxg5 23.hxg5 fxg6 24.Rxh6+ Kg7 25.Rxg6+ Kf8 26.Bd5 Rxg6 27.Qxg6 Qe8
28.Qh6+ Ke7 29.Re1+ Ne5 30.Rxe5+ 1-0

[Event "39th POL-ch"]
[Site "Zielona Gora POL"]
[Date "1982.02.??"]
[Round "9"]
[White "Zoltek, Tadeusz"]
[Black "Panczyk, Krzysztof"]
[Result "0-1"]
[WhiteElo "2300"]
[BlackElo "2300"]
[EventDate "1982.02.13"]
[PlyCount "104"]

1.c4 e6 2.Nf3 Nf6 3.Nc3 d5 4.d4 Nbd7 5.Bg5 c6 6.cxd5 exd5 7.e3 Be7 8.Bd3 
O-O 9.Qc2 Re8 10.O-O Nf8 11.Rab1 Bd6 12.Bf5 Ng6 13.Bxc8 Rxc8 14.Qf5 Qd7 
15.Nh4 Nxh4 16.Qxd7 Nf3+ 17.gxf3 Nxd7 18.e4 f6 19.Bd2 Nb6 20.b3 Bb4 21.
Rfe1 dxe4 22.Nxe4 Rxe4 23.Bxb4 Rxd4 24.Bc5 Rd7 25.Bxb6 axb6 26.Rb2 Kf7 27.
Rbe2 Rcc7 28.Kg2 Rd3 29.Re4 Rcd7 30.Kg3 Rd1 31.Re7+ Rxe7 32.Rxd1 Ke6 33.
Rd8 b5 34.Kf4 Rd7 35.Re8+ Kd6 36.b4 Re7 37.Rd8+ Kc7 38.Rh8 b6 39.Ra8 c5 
40.Ra7+ Kd6 41.Ra6 cxb4 42.Rxb6+ Kc5 43.Ra6 Rb7 44.Re6 Kd4 45.Re4+ Kc3 46.
Kf5 Kb2 47.Re2+ Ka3 48.Ke6 b3 49.axb3 Kxb3 50.Kd6 b4 51.Kc6 Rb8 52.Re7 Kc2
0-1

[Event "39th POL-ch"]
[Site "Zielona Gora POL"]
[Date "1982.02.??"]
[Round "10"]
[White "Bielczyk, Jacek"]
[Black "Jasnikowski, Zbigniew"]
[Result "1/2-1/2"]
[WhiteElo "2390"]
[BlackElo "2395"]
[EventDate "1982.02.13"]
[PlyCount "35"]

1.e4 c6 2.d4 d5 3.Nd2 dxe4 4.Nxe4 Nd7 5.Bc4 Ngf6 6.Ng5 e6 7.Qe2 Nb6 8.Bd3 
h6 9.N5f3 c5 10.dxc5 Bxc5 11.Ne5 Nbd7 12.Ngf3 Nxe5 13.Nxe5 O-O 14.O-O b6 
15.Bxh6 gxh6 16.Qf3 Nd5 17.c4 Qg5 18.Rae1 1/2-1/2

[Event "39th POL-ch"]
[Site "Zielona Gora POL"]
[Date "1982.02.??"]
[Round "10"]
[White "Ksieski, Zbigniew"]
[Black "Zoltek, Tadeusz"]
[Result "1-0"]
[WhiteElo "2375"]
[BlackElo "2300"]
[EventDate "1982.02.13"]
[PlyCount "87"]

1.e4 c5 2.Nf3 Nc6 3.d4 cxd4 4.Nxd4 Nf6 5.Nc3 d6 6.Bg5 Qa5 7.Bxf6 gxf6 8.
Nb3 Qd8 9.f4 h5 10.Be2 h4 11.O-O f5 12.Qd3 Qb6+ 13.Rf2 Nb4 14.Qf3 Bd7 15.
a3 Nxc2 16.Nd5 fxe4 17.Qc3 Qc6 18.Nc7+ Kd8 19.Qxh8 Nxa1 20.Nxa8 Nxb3 21.
Qxf8+ Be8 22.Rf1 Nd4 23.Bh5 Qc5 24.Qh8 Kd7 25.Kh1 h3 26.Bg4+ f5 27.Bxh3 e3
28.Qh7 Kd8 29.Qh4 e2 30.Re1 Qd5 31.Nc7 Kxc7 32.Qxe7+ Bd7 33.Qe3 Bb5 34.Kg1
Nc2 35.Qe7+ Bd7 36.Rxe2 Qd4+ 37.Rf2 Ne3 38.g3 Nd1 39.Qe2 Bc6 40.Qd2 Qxf2+ 
41.Qxf2 Nxf2 42.Kxf2 Bd7 43.Ke3 Be6 44.Kd4 1-0

[Event "39th POL-ch"]
[Site "Zielona Gora POL"]
[Date "1982.02.??"]
[Round "10"]
[White "Nowak, Ignacy"]
[Black "Stempin, Pawel"]
[Result "1/2-1/2"]
[WhiteElo "2360"]
[BlackElo "2350"]
[EventDate "1982.02.13"]
[PlyCount "48"]

1.c4 Nf6 2.g3 e6 3.Bg2 d5 4.d4 Be7 5.Nf3 O-O 6.O-O dxc4 7.Na3 Bxa3 8.bxa3 
b5 9.a4 a6 10.axb5 axb5 11.a4 Nd5 12.Qc2 h6 13.Rb1 bxa4 14.Ba3 Re8 15.Ne5 
Ba6 16.Rfc1 Nd7 17.Nxc4 Bxc4 18.Qxc4 Ra7 19.Qb5 N7b6 20.Bc5 Qa8 21.Ra1 Ra5
22.Qd3 Nd7 23.Ba3 Qa7 24.Qc4 Rc8 1/2-1/2

[Event "39th POL-ch"]
[Site "Zielona Gora POL"]
[Date "1982.02.??"]
[Round "10"]
[White "Panczyk, Krzysztof"]
[Black "Bugajski, Robert"]
[Result "1/2-1/2"]
[WhiteElo "2300"]
[BlackElo "2315"]
[EventDate "1982.02.13"]
[PlyCount "112"]

1.d4 e6 2.c4 Bb4+ 3.Bd2 Qe7 4.Nf3 b6 5.g3 Bb7 6.Bg2 Nf6 7.O-O Bxd2 8.Qxd2 
O-O 9.Nc3 Ne4 10.Qc2 Nxc3 11.Qxc3 d6 12.Rfe1 Nd7 13.e4 e5 14.Rad1 Rfe8 15.
Rd2 g6 16.d5 Rac8 17.Bh3 c6 18.dxc6 Bxc6 19.Qa3 Rc7 20.Qxd6 Nc5 21.Qxe7 
Rcxe7 22.Bg2 Bxe4 23.b4 Bxf3 24.Bxf3 e4 25.Be2 Na6 26.a3 e3 27.Rdd1 Nc7 
28.Bf3 Kg7 29.Kg2 exf2 30.Rxe7 Rxe7 31.Kxf2 Ne6 32.Rd3 Kf6 33.a4 Rc7 34.
Bd5 Ke7 35.Ra3 a5 36.bxa5 bxa5 37.Ke3 Nc5 38.Kd4 Kd6 39.Rf3 f5 40.g4 Ne6+ 
41.Bxe6 Kxe6 42.gxf5+ gxf5 43.Rf2 Rc8 44.c5 Rb8 45.Re2+ Kd7 46.Kd5 Rb4 47.
Rg2 Rg4 48.Rb2 Rb4 49.Rg2 Rg4 50.Rb2 Rb4 51.c6+ Kc7 52.Re2 Re4 53.Rf2 Rxa4
54.Rxf5 Rb4 55.Rf7+ Kc8 56.Rf8+ Kc7 1/2-1/2

[Event "39th POL-ch"]
[Site "Zielona Gora POL"]
[Date "1982.02.??"]
[Round "10"]
[White "Pokojowczyk, Jerzy"]
[Black "Adamski, Jan"]
[Result "0-1"]
[WhiteElo "2450"]
[BlackElo "2425"]
[EventDate "1982.02.13"]
[PlyCount "50"]

1.e4 c5 2.Nf3 e6 3.d4 cxd4 4.Nxd4 a6 5.Bd3 Nf6 6.O-O d6 7.c4 Be7 8.Nc3 O-O
9.Be3 Nbd7 10.f4 Re8 11.Rc1 Bf8 12.Kh1 g6 13.Be2 e5 14.fxe5 Nxe5 15.Bg5 
Be7 16.Qe1 Be6 17.Qg3 Nh5 18.Bxh5 Bxg5 19.Rcd1 Bh4 20.Qf4 Bg5 21.Qg3 Bh4 
22.Qf4 gxh5 23.Nf5 Bxf5 24.exf5 Bg5 25.Qd4 Ng4 0-1

[Event "39th POL-ch"]
[Site "Zielona Gora POL"]
[Date "1982.02.??"]
[Round "10"]
[White "Steczkowski, Kazimierz"]
[Black "Dobrzynski, Wojciech"]
[Result "1/2-1/2"]
[WhiteElo "2275"]
[BlackElo "2310"]
[EventDate "1982.02.13"]
[PlyCount "41"]

1.e4 e5 2.Nf3 d6 3.d4 exd4 4.Nxd4 Nf6 5.Nc3 Be7 6.Be2 O-O 7.O-O a6 8.Re1 
Re8 9.Bf1 Nbd7 10.Nf5 Bf8 11.Bg5 h6 12.Bd2 Kh7 13.Ng3 Nc5 14.Bc4 Bg4 15.f3
Be6 16.Bxe6 Rxe6 17.Be3 Qe8 18.Bxc5 dxc5 19.f4 Rd8 20.Qf3 Qc6 21.Rad1 
1/2-1/2

[Event "39th POL-ch"]
[Site "Zielona Gora POL"]
[Date "1982.02.??"]
[Round "10"]
[White "Swic, Waldemar"]
[Black "Maciejewski, Andrzej"]
[Result "1/2-1/2"]
[WhiteElo "2350"]
[BlackElo "2370"]
[EventDate "1982.02.13"]
[PlyCount "38"]

1.e4 d6 2.d4 Nf6 3.Nc3 g6 4.f4 Bg7 5.Nf3 c5 6.Bb5+ Bd7 7.Bxd7+ Qxd7 8.dxc5
dxc5 9.Qe2 Nc6 10.Be3 b6 11.Rd1 Qc8 12.e5 Ng4 13.Bc1 O-O 14.h3 Nh6 15.g4 
f6 16.exf6 exf6 17.O-O Re8 18.Qc4+ Kh8 19.Nb5 Qa6 1/2-1/2

[Event "39th POL-ch"]
[Site "Zielona Gora POL"]
[Date "1982.02.??"]
[Round "11"]
[White "Adamski, Jan"]
[Black "Panczyk, Krzysztof"]
[Result "1/2-1/2"]
[WhiteElo "2425"]
[BlackElo "2300"]
[EventDate "1982.02.13"]
[PlyCount "23"]

1.c4 e6 2.Nf3 Nf6 3.g3 d5 4.b3 Be7 5.Bg2 O-O 6.Bb2 c5 7.cxd5 Nxd5 8.Nc3 
Bf6 9.Qc1 Nc6 10.Nxd5 Bxb2 11.Qxb2 exd5 12.O-O 1/2-1/2